All Požega-Slavonija County settlements - Statistics

General Stats
  • This quiz has been taken 5 times
  • The average score is 30 of 277
Answers on the Map
Answers color-coded by a green-red scale on the quiz's map according to % correct below.
 
Answer Stats
Answer % Correct
Požega
75%
Čaglin
50%
Jakšić
50%
Kutjevo
50%
Migalovci
50%
Pakrac
50%
Pleternica
50%
Ašikovci
25%
Bektež
25%
Bertelovci
25%
Bilice
25%
Bjeliševac
25%
Blacko
25%
Brđani
25%
Bresnica
25%
Brestovac
25%
Brodski Drenovac
25%
Bučje
25%
Buk
25%
Bzenica
25%
Čečavac
25%
Čečavački Vučjak
25%
Cerovac
25%
Ciglenik
25%
Ćosinac
25%
Darkovac
25%
Djedina Rijeka
25%
Dobra Voda
25%
Dobrogošće
25%
Draga
25%
Draganlug
25%
Duboka
25%
Eminovci
25%
Ferovac
25%
Frkljevci
25%
Grabarje
25%
Gradac
25%
Gradište
25%
Granje
25%
Hrnjevac
25%
Imrijevci
25%
Ivanovci
25%
Jasik
25%
Jezero
25%
Jurkovac
25%
Kadanovci
25%
Kalinić
25%
Kaptol
25%
Knežci
25%
Kneževac
25%
Komorica
25%
Kujnik
25%
Kula
25%
Kuzmica
25%
Lakušija
25%
Latinovac
25%
Lipik
25%
Lukač
25%
Mali Bilač
25%
Mihaljevići
25%
Milanlug
25%
Mitrovac
25%
Mokreš
25%
Nova Lipovica
25%
Nova Ljeskovica
25%
Novi Zdenkovac
25%
Novoselci
25%
Novo Selo
25%
Ovčare
25%
Paka
25%
Pasikovci
25%
Pleternički Mihaljevci
25%
Poloje
25%
Poreč
25%
Požeška Koprivnica
25%
Prekopakra
25%
Radnovac
25%
Rajsavac
25%
Ratkovica
25%
Resnik
25%
Ruševo
25%
Sapna
25%
Sesvete
25%
Sibokovac
25%
Sovski Dol
25%
Srednje Selo
25%
Stara Ljeskovica
25%
Stari Zdenkovac
25%
Stojčinovac
25%
Sulkovci
25%
Šumanovci
25%
Svetinja
25%
Svilna
25%
Tekić
25%
Tominovac
25%
Trapari
25%
Treštanovci
25%
Tulnik
25%
Velika
25%
Veliki Bilač
25%
Venje
25%
Vesela
25%
Vetovo
25%
Vidovci
25%
Viškovci
25%
Vlatkovac
25%
Vrčin Dol
25%
Vukojevica
25%
Zagrađe
25%
Zarilac
25%
Alaginci
0%
Alilovci
0%
Amatovci
0%
Antunovac
0%
Badljevina
0%
Bankovci
0%
Batinjani
0%
Bešinci
0%
Biškupci
0%
Bjelajci
0%
Bjelanovac
0%
Bogdašić
0%
Bolomače
0%
Boričevci
0%
Branešci
0%
Bratuljevci
0%
Brekinska
0%
Brezine
0%
Brusnik
0%
Bujavica
0%
Bukovčani
0%
Busnovi
0%
Češljakovci
0%
Cicvare
0%
Cikote
0%
Ćosine Laze
0%
Crkveni Vrhovci
0%
Crljenci
0%
Daranovci
0%
Dereza
0%
Dervišaga
0%
Deževci
0%
Dobrovac
0%
Dolac
0%
Doljanci
0%
Doljanovci
0%
Donja Obrijež
0%
Donja Šumetlica
0%
Donji Čaglić
0%
Donji Emovci
0%
Donji Grahovljani
0%
Donji Gučani
0%
Dragović
0%
Drškovci
0%
Emovački Lug
0%
Filipovac
0%
Gaj
0%
Glavica
0%
Golobrdci
0%
Golo Brdo
0%
Gornja Obrijež
0%
Gornja Šumetlica
0%
Gornji Čaglić
0%
Gornji Emovci
0%
Gornji Grahovljani
0%
Gornji Gučani
0%
Gornji Vrhovci
0%
Gradski Vrhovci
0%
Ivandol
0%
Jagma
0%
Jaguplije
0%
Jakovci
0%
Japaga
0%
Jeminovac
0%
Kamenska
0%
Kamenski Šeovci
0%
Kamenski Vučjak
0%
Kantrovci
0%
Kapetanovo Polje
0%
Klisa
0%
Komarovci
0%
Komušina
0%
Koprivna
0%
Korita
0%
Koturić
0%
Kovačevac
0%
Kraguj
0%
Kričke
0%
Krivaj
0%
Kruševo
0%
Kukunjevac
0%
Kunovci
0%
Kusonje
0%
Laze Prnjavor
0%
Lipovac
0%
Livađani
0%
Lučinci
0%
Mali Banovac
0%
Mali Budići
0%
Marindvor
0%
Marino Selo
0%
Markovac
0%
Mihajlije
0%
Mihaljevci
0%
Mijači
0%
Milanovac
0%
Milivojevci
0%
Mrkoplje
0%
Nježić
0%
Nova Lipa
0%
Novi Bešinci
0%
Novi Majur
0%
Novi Mihaljevci
0%
Novi Štitnjak
0%
Novo Zvečevo
0%
Nurkovac
0%
Oblakovac
0%
Oljasi
0%
Omanovac
0%
Orljavac
0%
Ozdakovci
0%
Ožegovci
0%
Pavlovci
0%
Perenci
0%
Ploštine
0%
Podgorje
0%
Podsreće
0%
Poljana
0%
Poljanska
0%
Popovci
0%
Potočani
0%
Požeški Brđani
0%
Prgomelje
0%
Radovanci
0%
Ramanovci
0%
Rasna
0%
Ribnjaci
0%
Rogulje
0%
Ruševac
0%
Sažije
0%
Seoci
0%
Šeovci
0%
Šeovica
0%
Skenderovci
0%
Škrabutnik
0%
Sloboština
0%
Smoljanovci
0%
Šnjegavić
0%
Španovica
0%
Srednji Grahovljani
0%
Stara Lipa
0%
Stari Majur
0%
Štitnjak
0%
Stražeman
0%
Striježevica
0%
Strižičevac
0%
Subocka
0%
Šušnjari
0%
Tisovac
0%
Toranj
0%
Trenkovo
0%
Trnovac
0%
Turnić
0%
Ugarci
0%
Vasine Laze
0%
Veliki Banovac
0%
Veliki Budići
0%
Vilić Selo
0%
Vranić
0%
Zakorenje
0%
Završje
0%
Žigerovci
0%
No matching quizzes found
Score Distribution
Percent of People with Each Score
Percentile by Number Answered
Your Score History
You have not taken this quiz